College Quizbowl Stats
College Quizbowl Stats
Circuits
Seasons
Sets
Records
Detailed Stats
About
Loading...
2024 ACF Winter at Ohio State
Tossups
Bonuses
Players
Teams
Categories (Tossup)
Categories (Bonus)
Calvin
Ohio State A
Categories
Category
Powers
Gets
Negs
BBs
Points
Earliest Buzz
Avg. Buzz
First Buzzes
Top 3 Buzzes
Science - Chemistry
0
1
0
0
10
59
59.00
1
1
Science - Other Science
0
1
0
0
10
111
111.00
0
0
Science - Biology
0
0
1
0
-5
0.00
0
0
Science - Physics
0
0
1
0
-5
0.00
0
0
Buzzes
Category
Answer
Value
Buzz Position
Science - Chemistry
boiling point
10
59
Science - Physics
Hamiltonian
-5
64
Science - Biology
amino acids
-5
77
Science - Other Science
dating
10
111
Previous
1
Next